Niektoré problémy devízovo - úverového systému vo vonkajších ekonomických vzťahoch kandidátska dizertačná práca
Salvato in:
| Autore principale: | |
|---|---|
| Ente Autore: | |
| Altri autori: | |
| Natura: | Libro |
| Lingua: | slovacco |
| Pubblicazione: |
Bratislava
1985
|
| Soggetti: | |
| Tags: |
Nessun Tag, puoi essere il primo ad aggiungerne!!
|
MARC
| LEADER | 00000nam a2200000 4500 | ||
|---|---|---|---|
| 001 | c110808 | ||
| 005 | 20230116084417.0 | ||
| 041 | 0 | |a slo | |
| 044 | |a SK | ||
| 245 | 1 | 0 | |a Niektoré problémy devízovo - úverového systému vo vonkajších ekonomických vzťahoch |b kandidátska dizertačná práca |c Nguyen Minh Viet ; školiteľ: Ľubomír Michník |
| 264 | 1 | |a Bratislava |c 1985 | |
| 300 | |a 210 s. | ||
| 610 | 2 | 0 | |a vzťahy devízovo-finančné |
| 610 | 2 | 0 | |a úver devízový |
| 610 | 2 | 0 | |a vzťahy ekonomické |
| 610 | 2 | 0 | |a deľba práce medzinárodná |
| 610 | 2 | 0 | |a stimulovanie hmotné |
| 610 | 2 | 0 | |a plán devízový |
| 610 | 2 | 0 | |a bilancia platobná |
| 610 | 2 | 0 | |a politika menová |
| 610 | 2 | 0 | |a politika cenová |
| 610 | 2 | 0 | |a obchod zahraničný |
| 100 | 1 | |a Nguyen Minh Viet | |
| 700 | 1 | |a Michník, Ľubomír | |
| 710 | 2 | |a Vysoká škola ekonomická v Bratislave | |